|
|
|
|
| LEADER |
00898cam a2200253 a 4500 |
| 001 |
0000089226 |
| 005 |
20091030090000.0 |
| 040 |
|
|
|a mod
|
| 041 |
|
|
|a eng
|
| 020 |
0 |
0 |
|a 9833604463
|
| 020 |
0 |
0 |
|a 9789833604463
|
| 090 |
0 |
0 |
|a 297.122833
|b MOH
|e 2007
|
| 100 |
1 |
0 |
|a Mohd Nahar Mohd Arshad
|
| 245 |
1 |
0 |
|a Hidup kaya tanpa riba
|c Mohd Nahar Mohd Arshad
|
| 260 |
0 |
0 |
|a Selangor
|b PTS Publications
|c 2007
|
| 300 |
0 |
0 |
|a xiv, 210 p.
|c 23 cm
|
| 650 |
0 |
0 |
|a Success
|x Religious aspects
|x Islam
|
| 650 |
0 |
0 |
|a Wealth
|x Religious aspects
|x islam
|
| 650 |
0 |
0 |
|a Finance
|x Religious aspects
|x Islam
|
| 852 |
0 |
0 |
|a 01
|
| 999 |
|
|
|a 0263492
|b 9 Rejimen Renjer Diraja
|d BOOKS
|e Umum
|f Other Branches
|j AVAILABLE
|q GOOD CONDITION
|
| 999 |
|
|
|a 0270599
|b 4 DIV
|d BOOKS
|e Umum
|f 4 DIV
|j WEEDED
|q GOOD CONDITION
|
| 999 |
|
|
|a 0273037
|b PUTD
|d BOOKS
|e Umum
|f PUTD
|j AVAILABLE
|q GOOD CONDITION
|
| 999 |
|
|
|a 0280842
|b PUTD
|d BOOKS
|e Umum
|f PUTD
|j AVAILABLE
|q GOOD CONDITION
|